000 00280nam a22001337a 4500
008 170309b xxu||||| |||| 00| 0 eng d
020 _a9781587798931
041 _aeng
080 _22ND
_a611
100 _a6
101 _aSHM
245 _aDISEASES & DISORDERS
942 _2udc
_cBK
999 _c7378
_d7378